000 00521nam a2200205 a 4500
005 20210219152853.0
008 991125n 000 0 eng u
035 _aUPN01000064324
100 _aHills, John R.
222 _aPHI DELTA KAPPAN
245 _aApathy concerning grading and testing
300 _a540-545
362 _a1991 72, no. 7
653 0 _aDISCIPLINA
653 0 _aGRADUACION
653 0 _aPRACTICAS EDUCATIVAS
653 0 _aPRUEBAS DE PROBLEMAS
904 _aAC
_b002135
905 _aArticulo
999 _c62532
_d62532